| 000 | 00506nam a22001577a 4500 | ||
|---|---|---|---|
| 008 | 150220b xxu||||| |||| 00| 0 eng d | ||
| 020 | _a9780567032560 | ||
| 050 | _aBX4827.P34 B798 | ||
| 100 |
_aBradshaw, Timothy _915456 |
||
| 245 |
_aPannenberg: _ba guide for the perplexed _c/ by Timothy Bradshaw |
||
| 260 |
_aLondon _bT&T Clark International _c2009 |
||
| 300 |
_aviii,190p. ; _c22cm. |
||
| 440 |
_aA guide for the perplexed _915842 |
||
| 650 |
_aPennnenberg _xWolfhart _915457 |
||
| 942 |
_2lcc _cMONOGRAPH |
||
| 999 |
_c122161 _d122161 |
||